书目信息 |
| 题名: |
汽车空调结构与维修
|
|
| 作者: | 曾壮 编著 | |
| 分册: | ||
| 出版信息: | 济南 山东科学技术出版社 2007.11 |
|
| 页数: | 189页 | |
| 开本: | 23cm | |
| 丛书名: | 现代汽车结构与维修丛书 | |
| 单 册: | ||
| 中图分类: | U463.85 | |
| 科图分类: | ||
| 主题词: | 汽车--qi che--空气调节设备--结构 , 汽车--qi che--空气调节设备--车辆修理 | |
| 电子资源: | ||
| ISBN: | 978-7-5331-4854-6 | |
| 000 | 01142nam 2200277 450 | |
| 001 | 012008286656 | |
| 005 | 20080424163013.18 | |
| 010 | @a978-7-5331-4854-6@dCNY19.00 | |
| 100 | @a20080421d2007 em y0chiy0120 ea | |
| 101 | 0 | @achi |
| 102 | @aCN@b370000 | |
| 105 | @aak a 000yy | |
| 106 | @ar | |
| 200 | 1 | @a汽车空调结构与维修@Aqi che kong diao jie gou yu wei xiu@f曾壮编著@Fzeng zhuang bian zhu |
| 210 | @a济南@c山东科学技术出版社@d2007.11 | |
| 215 | @a189页@c图@d23cm | |
| 225 | 2 | @a现代汽车结构与维修丛书@Axian dai qi che jie gou yu wei xiu cong shu |
| 320 | @a有书目 | |
| 330 | @a本书是为了适应我国汽车空调迅速普及的需要,给广大汽车驾驶人员、维修人员提供正确的汽车空调使用、保养、维修方面的知识而编写的。书中较全面、系统地介绍了现代汽车空调的结构与原理、电气控制系统、空调的布置与安装、新型制冷剂R134a空调系统、汽车空调的使用与维修等方面的知识。 | |
| 410 | 0 | @12001 @a现代汽车结构与维修丛书 |
| 606 | 0 | @a汽车@Aqi che@x空气调节设备@x结构 |
| 606 | 0 | @a汽车@Aqi che@x空气调节设备@x车辆修理 |
| 690 | @aU463.85@v4 | |
| 701 | 0 | @a曾壮@Azeng zhuang@4编著 |
| 801 | 0 | @aCN@bQSSK@c20080424 |
| 905 | @b295474-76@dU463.85@eZ030@f3 | |
| 汽车空调结构与维修/曾壮编著.-济南:山东科学技术出版社,2007.11 |
| 189页:图;23cm.-(现代汽车结构与维修丛书) |
| ISBN 978-7-5331-4854-6:CNY19.00 |
| 本书是为了适应我国汽车空调迅速普及的需要,给广大汽车驾驶人员、维修人员提供正确的汽车空调使用、保养、维修方面的知识而编写的。书中较全面、系统地介绍了现代汽车空调的结构与原理、电气控制系统、空调的布置与安装、新型制冷剂R134a空调系统、汽车空调的使用与维修等方面的知识。 |
| ● |
| 相关链接 |
|
|
|
正题名:汽车空调结构与维修
索取号:U463.85/Z030
 
预约/预借
| 序号 | 登录号 | 条形码 | 馆藏地/架位号 | 状态 | 备注 |
| 1 | 295474 | 202954749 | 自科库501/501自科库 56排3列5层/ [索取号:U463.85/Z030] | 在馆 | |
| 2 | 295475 | 202954758 | 自科库501/501自科库 56排3列5层/ [索取号:U463.85/Z030] | 在馆 | |
| 3 | 295476 | 202954767 | 自科库501/501自科库 56排3列5层/ [索取号:U463.85/Z030] | 在馆 |